| 000 | 03343cam a22012014i 4500 | ||
|---|---|---|---|
| 003 | PE-LiUPU | ||
| 005 | 20250813185721.0 | ||
| 008 | 202410s2024 pe a rb 000 0 spa d | ||
| 020 | _a9786120301111 | ||
| 035 | _aPE-LiUPU2025020 | ||
| 040 |
_aPE-LiUPU _bspa _cPE-LiUPU _erda |
||
| 082 | 0 | 4 |
_a382 _bC255n _223 |
| 100 | 1 |
_aCapuñay Reátegui, Miguel Ángel, _eautor. _95713 |
|
| 245 | 1 | 0 |
_aNegocios internacionales I° : _bgestión comercial, logística y legal del comercio internacional / _cMiguel Ángel Capuñay Reátegui. |
| 250 | _aPrimera edición. | ||
| 264 | 1 |
_aLima : _bExprésate Impresiones Gráficas S.A.C., _c2024. |
|
| 300 |
_a485 páginas : _bilustraciones ; _c28 cm |
||
| 336 |
_atext _2rdacontent |
||
| 337 |
_aunmediated _2rdamedia |
||
| 338 |
_avolume _2rdacarrier |
||
| 504 | _aIncluye referencias bibliográficas al final de cada capítulo. | ||
| 505 | 0 | _aLa regulación del intercambio comercial mundial -- El contrato de compraventa internacional de mercaderías -- Los términos de entrega en el comercio internacional. Aplicación de los Incoterms CCI 2020 -- El transporte marítimo internacional de mercancías -- El seguro de transporte marítimo internacional -- Los medios de pago en el comercio internacional -- Los mecanismos reguladores del comercio exterior -- Los tratados de libre comercio. | |
| 526 | _aP202 | ||
| 526 | _aP201 | ||
| 526 | _aP163 | ||
| 526 | _aP162 | ||
| 526 | _aP161 | ||
| 526 | _aP160 | ||
| 526 | _aP148 | ||
| 526 | _aP147 | ||
| 526 | _aP146 | ||
| 526 | _aP145 | ||
| 526 | _aP144 | ||
| 526 | _aP143 | ||
| 526 | _aP142 | ||
| 526 | _aP141 | ||
| 526 | _aP140 | ||
| 526 | _aP139 | ||
| 526 | _aP138 | ||
| 526 | _aP137 | ||
| 526 | _aP136 | ||
| 526 | _aP135 | ||
| 526 | _aP134 | ||
| 526 | _aP133 | ||
| 526 | _aP129 | ||
| 526 | _aP128 | ||
| 526 | _aP127 | ||
| 526 | _aP120 | ||
| 526 | _aP119 | ||
| 526 | _aP118 | ||
| 526 | _aP116 | ||
| 526 | _aP115 | ||
| 526 | _aP114 | ||
| 526 | _aP110 | ||
| 526 | _aP109 | ||
| 526 | _aP108 | ||
| 526 | _aP104 | ||
| 526 | _aP103 | ||
| 526 | _aP102 | ||
| 526 | _aP99 | ||
| 526 | _aP98 | ||
| 526 | _aP97 | ||
| 526 | _aP96 | ||
| 526 | _aP95 | ||
| 526 | _aP93 | ||
| 526 | _aP90 | ||
| 526 | _aP89 | ||
| 526 | _aP88 | ||
| 526 | _aP83 | ||
| 526 | _aP82 | ||
| 526 | _aP62 | ||
| 526 | _aP59 | ||
| 526 | _aP58 | ||
| 526 | _aP57 | ||
| 526 | _aP51 | ||
| 526 | _aP49 | ||
| 526 | _aP48 | ||
| 526 | _aP47 | ||
| 526 | _aP29 | ||
| 526 | _aP24 | ||
| 526 | _aP20 | ||
| 526 | _aP19 | ||
| 526 | _aP17 | ||
| 526 | _aP15 | ||
| 526 | _aP14 | ||
| 526 | _aP12 | ||
| 526 | _aP10 | ||
| 526 | _aP09 | ||
| 526 | _aP08 | ||
| 526 | _aP07 | ||
| 526 | _aP06 | ||
| 526 | _aP05 | ||
| 526 | _aP04 | ||
| 526 | _aP01 | ||
| 650 | 1 | 4 |
_aComercio internacional _xAspectos jurídicos _zPerú. _95398 |
| 650 | 2 | 4 |
_aNegocios internacionales _xEstudio y enseñanza _zPerú. _95714 |
| 650 | 2 | 4 |
_aLogística en los negocios _zPerú. _95715 |
| 650 | 2 | 4 |
_aTratados comerciales _zAmérica Latina. _95716 |
| 856 | 4 | 0 |
_uhttps://www.facebook.com/CapunayReateguiMiguelAngel/ _zInformación del autor. |
| 942 |
_2ddc _cBK |
||
| 980 |
_621515 _aROMINA COBOS Adquisiciones _81 _gALBERTO SANCHEZ Responsable de Automatización |
||
| 999 |
_c63004 _d63003 |
||